Word in the Middle #4 - Statistics

General Stats
  • This quiz has been taken 30,823 times
    30,783 since last reset
  • The average score is 18 of 28
Answer Stats
Phrase % Correct
Honey {Bee} Keeper
90%
Cry {Baby} Sitter
89%
Fool's {Gold} Rush
88%
Rattle {Snake} Eyes
88%
Salt {Water} Melon
85%
Fore {Head} Ache
83%
Coal {Mine} Field
82%
Spider {Web} Site
81%
Coyote {Ugly} Duckling
77%
Hermit {Crab} Apple
77%
Stained {Glass} Ceiling
72%
Butter {Milk} Shake
71%
Roller {Skate} Board
71%
Slap {Happy} Hour
70%
Pizza {Pie} Crust
67%
Brown {Sugar} Daddy
66%
Grave {Yard} Stick
62%
Wedding {Ring} Tone
61%
Door {Bell} Hop
58%
Scatter {Brain} Storm
54%
Lady {Bug} Spray
50%
Crow {Bar} Stool
48%
Tip {Toe} Nail
45%
Ear {Wax} Paper
44%
Black {Cat} Nip
43%
Wrestling {Match} Book
36%
Nuclear {Submarine} Sandwich
35%
Fire {Station} Wagon
34%
No matching quizzes found
Score Distribution
Percent of People with Each Score
Percentile by Number Answered
Your Score History
You have not taken this quiz since the last reset